000 01176cam a22003857a 4500
003 CHAP
005 20220329141355.0
008 971013s1969 r 00010 d
010 _a67201
011 _a68173
035 _a77645
040 _cCHAP
082 _a633.5
_bB4
100 0 0 _aBerger, Josef.
_911780
245 1 4 _aThe world's major fibre crops
_b: Their cultivation and manuring
260 _aZurich :
_bCentre D'Etude de L. Azote,
_c1969
300 _a294 p.
_b: ilus.
590 _aBATCH-UPD
_b10
_c20130110
_lUCH01
_h0357
590 _aBATCH-UPD
_b10
_c20130110
_lUCH01
_h1852
590 _aBATCH-UPD
_b10
_c20130410
_lUCH01
_h0030
590 _aBATCH-UPD
_b10
_c20130410
_lUCH01
_h1516
590 _aBATCH-UPD
_b10
_c20130914
_lUCH01
_h0607
590 _aCONVERSION
_b10
_c20130109
_lUCH01
_h1337
650 1 4 _aAlgodon.
_93959
650 1 4 _aCáñamo.
_924028
650 1 4 _aFibras vegetales.
_940703
650 1 4 _aHenequén.
_953567
650 1 4 _aLino.
_966998
650 1 4 _aRamiro.
_993832
650 1 4 _aSisal.
_9106687
650 1 4 _aYute.
_9123361
901 _aBK
942 _cLIBRO
949 _a633.5 B4
_bBC
_cLIBRO
_d33724000218319
_eLIBRO
_h73445
_i77645
_mD
_si
999 _c67201
_d67201